[Event "NY Marshall CC"]
[Site "New York USA"]
[Date "1993.??.??"]
[Round "1"]
[White "Lesiege, Alexandre"]
[Black "Young, Ronald"]
[Result "1-0"]
[WhiteElo "2505"]
[BlackElo "2300"]
[WhiteFideId "-1"]
[WhiteFideId "-1"]
[PlyCount "83"]
[GameId "2129405194608006"]
[EventDate "1993.??.??"]
[EventType "tourn"]
[EventRounds "11"]
[EventCountry "USA"]
[EventCategory "4"]
[SourceTitle "EXP 35"]

1. d4 d5 2. c4 dxc4 3. Nf3 Nf6 4. e3 e6 5. Bxc4 c5 6. O-O a6 7. a4 Nc6 8. Qe2 Qc7 9. Nc3 Bd6 10. Rd1 O-O 11. h3 Re8 12. dxc5 Bxc5 13. e4 Nd7 14. Be3 b6 15. Rd2 Bb7 16. Rad1 Red8 17. Bg5 Be7 18. Bxe7 Nxe7 19. Ng5 Ne5 20. Rxd8+ Rxd8 21. Rxd8+ Qxd8 22. Qh5 h6 23. Nxe6 Qb8 24. Nd8 g6 25. Qd1 Nxc4 26. Qd7 Qf4 27. g3 Qf6 28. Nxb7 Nxb2 29. Qe8+ Kg7 30. e5 Qxe5 31. Nd8 Qxc3 32. Qxf7+ Kh8 33. Qxe7 Nd3 34. Nf7+ Kg8 35. Nxh6+ Kh8 36. Nf7+ Kg8 37. Qe8+ Kh7 38. Ng5+ Kh6 39. Ne4 Qa1+ 40. Kh2 Qe5 41. Qf8+ Qg7 42. Qd8 1-0

[Event "NY Marshall CC"]
[Site "New York USA"]
[Date "1993.??.??"]
[Round "2"]
[White "Olesen, Martin"]
[Black "Lesiege, Alexandre"]
[Result "1/2-1/2"]
[WhiteElo "2350"]
[BlackElo "2505"]
[WhiteFideId "-1"]
[WhiteFideId "-1"]
[PlyCount "62"]
[GameId "2129405194608015"]
[EventDate "1993.??.??"]
[EventType "tourn"]
[EventRounds "11"]
[EventCountry "USA"]
[EventCategory "4"]
[SourceTitle "EXP 35"]

1. d4 d5 2. Nf3 e6 3. c4 c6 4. e3 Nf6 5. Nc3 Nbd7 6. Qc2 Bd6 7. e4 dxe4 8. Nxe4 Nxe4 9. Qxe4 c5 10. Bg5 Nf6 11. Qh4 cxd4 12. O-O-O Be7 13. Bd3 h6 14. Rhe1 Bd7 15. Nxd4 Qb6 16. Nb3 a5 17. Be3 Qc7 18. Qg3 Qxg3 19. hxg3 a4 20. Na1 Rc8 21. Nc2 Ng4 22. Bd4 Bc5 23. Bxc5 Rxc5 24. Re2 Ne5 25. Ne3 O-O 26. Rc2 Rfc8 27. Bf1 Be8 28. b4 axb3 29. axb3 Ra5 30. Rcd2 Nc6 31. Kb2 Rca8 1/2-1/2

[Event "NY Marshall CC"]
[Site "New York USA"]
[Date "1993.??.??"]
[Round "3"]
[White "Lesiege, Alexandre"]
[Black "Ashley, Maurice"]
[Result "1/2-1/2"]
[WhiteElo "2505"]
[BlackElo "2365"]
[WhiteFideId "-1"]
[WhiteFideId "-1"]
[PlyCount "46"]
[GameId "2129405194608018"]
[EventDate "1993.??.??"]
[EventType "tourn"]
[EventRounds "11"]
[EventCountry "USA"]
[EventCategory "4"]
[SourceTitle "EXP 35"]

1. d4 Nf6 2. c4 e6 3. Nc3 Bb4 4. e3 b6 5. Nge2 Ba6 6. a3 Be7 7. Nf4 O-O 8. Bd3 d5 9. cxd5 Bxd3 10. Qxd3 exd5 11. b4 Re8 12. Bd2 c6 13. b5 Bd6 14. Nfe2 a6 15. bxc6 Nxc6 16. O-O Na5 17. a4 Qc7 18. h3 Nc4 19. Rfb1 Qc6 20. Be1 g6 21. Rb3 Na5 22. Rbb1 Nc4 23. Rb3 Na5 1/2-1/2

[Event "NY Marshall CC"]
[Site "New York USA"]
[Date "1993.??.??"]
[Round "4"]
[White "Lesiege, Alexandre"]
[Black "Vulicevic, Nenad"]
[Result "1-0"]
[WhiteElo "2505"]
[BlackElo "2320"]
[WhiteFideId "-1"]
[WhiteFideId "-1"]
[PlyCount "75"]
[GameId "2129405194608026"]
[EventDate "1993.??.??"]
[EventType "tourn"]
[EventRounds "11"]
[EventCountry "USA"]
[EventCategory "4"]
[SourceTitle "EXP 35"]

1. d4 Nf6 2. c4 e6 3. Nc3 Bb4 4. e3 c5 5. Bd3 Nc6 6. Nf3 d6 7. Bd2 e5 8. dxe5 dxe5 9. Qc2 Bxc3 10. Bxc3 Qe7 11. Nd2 O-O 12. a3 h6 13. O-O-O Nb4 14. Qb1 Nxd3+ 15. Qxd3 Rd8 16. Qc2 Bg4 17. f3 Bd7 18. g4 Bc6 19. Qf5 Nd7 20. h4 Qf6 21. Qxf6 gxf6 22. Rdg1 Kf8 23. e4 Ke7 24. Nf1 Nb6 25. Ne3 Rd3 26. Re1 Rad8 27. Kc2 Rxe3 28. Rxe3 Nxc4 29. Ree1 b5 30. Kc1 Rd3 31. Rhf1 a5 32. Rd1 Re3 33. Bd2 Re2 34. Bxh6 Rxb2 35. Be3 Re2 36. Bxc5+ Ke8 37. Kb1 Rh2 38. Rh1 1-0

[Event "NY Marshall CC"]
[Site "New York USA"]
[Date "1993.??.??"]
[Round "5"]
[White "Moulin, Pierre"]
[Black "Lesiege, Alexandre"]
[Result "0-1"]
[WhiteElo "2305"]
[BlackElo "2505"]
[WhiteFideId "-1"]
[WhiteFideId "-1"]
[PlyCount "66"]
[GameId "2129405194608032"]
[EventDate "1993.??.??"]
[EventType "tourn"]
[EventRounds "11"]
[EventCountry "USA"]
[EventCategory "4"]
[SourceTitle "EXP 35"]

1. e4 c5 2. Nf3 e6 3. d4 cxd4 4. Nxd4 Nf6 5. Nc3 d6 6. Be3 a6 7. f3 Nc6 8. Qd2 Be7 9. g4 O-O 10. O-O-O Nd7 11. h4 Nde5 12. Qf2 Qc7 13. g5 b5 14. Nxc6 Qxc6 15. Kb1 Bd7 16. Ne2 b4 17. Nd4 Qb7 18. h5 a5 19. g6 Bf6 20. h6 fxg6 21. hxg7 Rf7 22. Be2 a4 23. f4 b3 24. fxe5 bxc2+ 25. Kxc2 dxe5 26. Nf3 Rb8 27. Bc1 Bc6 28. Nd2 Rc7 29. b3 Bxe4+ 30. Kb2 axb3 31. Bc4 bxa2+ 32. Kxa2 Bb1+ 33. Nxb1 Qxb1+ 0-1

[Event "NY Marshall CC"]
[Site "New York USA"]
[Date "1993.??.??"]
[Round "6"]
[White "Lesiege, Alexandre"]
[Black "Waitzkin, Joshua"]
[Result "1-0"]
[WhiteElo "2505"]
[BlackElo "2345"]
[WhiteFideId "-1"]
[WhiteFideId "-1"]
[PlyCount "69"]
[GameId "2129405194608037"]
[EventDate "1993.??.??"]
[EventType "tourn"]
[EventRounds "11"]
[EventCountry "USA"]
[EventCategory "4"]
[SourceTitle "EXP 35"]

1. d4 Nf6 2. c4 c5 3. Nf3 cxd4 4. Nxd4 g6 5. Nc3 Bg7 6. e4 O-O 7. Be2 d6 8. O-O Nc6 9. Be3 Nd7 10. Rc1 Nc5 11. Qd2 f5 12. exf5 gxf5 13. Nxc6 bxc6 14. Bf3 Bb7 15. Rcd1 Nd7 16. Rfe1 Qe8 17. Bg5 Ne5 18. Be2 Qf7 19. f4 Ng6 20. Bh5 Rfe8 21. b3 Bf6 22. Bxg6 hxg6 23. Bxf6 Qxf6 24. c5 Red8 25. Qe3 Kf7 26. Ne2 dxc5 27. Qxc5 Rd6 28. Qc4+ Kg7 29. Rxd6 exd6 30. Nd4 Bc8 31. Nxc6 Kf8 32. Ne7 Qf7 33. Qc6 Bb7 34. Qxb7 Re8 35. Qd7 1-0

[Event "NY Marshall CC"]
[Site "New York USA"]
[Date "1993.??.??"]
[Round "7"]
[White "Ginsburg, Mark"]
[Black "Lesiege, Alexandre"]
[Result "0-1"]
[WhiteElo "2405"]
[BlackElo "2505"]
[WhiteFideId "-1"]
[WhiteFideId "-1"]
[PlyCount "86"]
[GameId "2129405194608041"]
[EventDate "1993.??.??"]
[EventType "tourn"]
[EventRounds "11"]
[EventCountry "USA"]
[EventCategory "4"]
[SourceTitle "EXP 35"]

1. d4 d5 2. c4 e6 3. Nf3 c6 4. g3 dxc4 5. Bg2 b5 6. Ne5 Bb7 7. Nc3 Qb6 8. e4 Nf6 9. Be3 c5 10. a4 a6 11. axb5 axb5 12. Rxa8 Bxa8 13. d5 Nbd7 14. f4 exd5 15. Nxd7 Nxd7 16. Nxd5 Qd8 17. b3 cxb3 18. Qxb3 Bc6 19. O-O c4 20. Qb2 f6 21. e5 Kf7 22. Qf2 Ba3 23. Rd1 Qa5 24. exf6 gxf6 25. Qe2 h5 26. Nxf6 Nxf6 27. Bxc6 Qa6 28. Bf3 Qe6 29. Qf2 Re8 30. Bd4 Ng4 31. Qa2 Be7 32. h3 Nf6 33. Bxf6 Bxf6 34. Bxh5+ Kg7 35. Bxe8 Qxe8 36. Qa7+ Kg6 37. Qf2 Qe4 38. g4 c3 39. f5+ Kg5 40. Qg2 Qxg2+ 41. Kxg2 b4 42. Rd5 c2 43. Rc5 Bc3 0-1

[Event "NY Marshall CC"]
[Site "New York USA"]
[Date "1993.??.??"]
[Round "8"]
[White "Lesiege, Alexandre"]
[Black "Levitan, Yuliya"]
[Result "1-0"]
[WhiteElo "2505"]
[BlackElo "2280"]
[WhiteFideId "-1"]
[WhiteFideId "-1"]
[PlyCount "81"]
[GameId "2129405194608048"]
[EventDate "1993.??.??"]
[EventType "tourn"]
[EventRounds "11"]
[EventCountry "USA"]
[EventCategory "4"]
[SourceTitle "EXP 35"]

1. c4 c5 2. Nc3 Nc6 3. Nf3 g6 4. e3 Bg7 5. d4 cxd4 6. exd4 d6 7. h3 Nf6 8. d5 Nb8 9. Be2 O-O 10. O-O Nbd7 11. Be3 a6 12. Rc1 Qc7 13. b4 Rd8 14. Qb3 b6 15. Nd4 Bb7 16. Rfe1 Rac8 17. Bf1 Qb8 18. g3 Qa8 19. Bg2 Ne5 20. Na4 Nfd7 21. f4 Nxc4 22. Rxc4 Rxc4 23. Qxc4 b5 24. Qc7 bxa4 25. Nc6 Bxc6 26. dxc6 Nf6 27. Qb7 d5 28. c7 Rc8 29. Qxa8 Rxa8 30. Rc1 Rc8 31. Bf1 Ne8 32. Bb6 Nxc7 33. Rxc7 Rb8 34. Bc5 e5 35. Bxa6 exf4 36. gxf4 Bh6 37. Rd7 Bxf4 38. Rxd5 Re8 39. Kg2 g5 40. Rd7 Re4 41. Bd3 1-0

[Event "NY Marshall CC"]
[Site "New York USA"]
[Date "1993.??.??"]
[Round "9"]
[White "Moskow, Eric"]
[Black "Lesiege, Alexandre"]
[Result "0-1"]
[WhiteElo "2235"]
[BlackElo "2505"]
[WhiteFideId "-1"]
[WhiteFideId "-1"]
[PlyCount "76"]
[GameId "2129405194608057"]
[EventDate "1993.??.??"]
[EventType "tourn"]
[EventRounds "11"]
[EventCountry "USA"]
[EventCategory "4"]
[SourceTitle "EXP 35"]

1. c4 c5 2. Nc3 Nc6 3. g3 g6 4. Bg2 Bg7 5. Nf3 e6 6. O-O Nge7 7. d3 d5 8. Bg5 h6 9. Bf4 O-O 10. cxd5 exd5 11. Qc1 Kh7 12. Nb5 b6 13. Nc7 g5 14. Nxa8 gxf4 15. Qxf4 Bb7 16. Nxb6 axb6 17. Rab1 Ng6 18. Qd2 Re8 19. Rfc1 Qe7 20. e3 d4 21. e4 Nge5 22. Ne1 Qe6 23. b3 Ra8 24. Qe2 Nb4 25. Rb2 Qg4 26. f3 Qh5 27. Rd1 f5 28. exf5 Re8 29. f4 Nf3+ 30. Bxf3 Bxf3 31. Qxe8 Qxe8 32. Nxf3 Qe3+ 33. Kg2 Nxd3 34. Rbd2 Nb4 35. Re1 Qc3 36. Re7 Nd5 37. Rb7 Ne3+ 38. Kh3 Nxf5 0-1

[Event "NY Marshall CC"]
[Site "New York USA"]
[Date "1993.??.??"]
[Round "10"]
[White "Lesiege, Alexandre"]
[Black "Gross, Daniel"]
[Result "1-0"]
[WhiteElo "2505"]
[BlackElo "2280"]
[WhiteFideId "-1"]
[WhiteFideId "-1"]
[PlyCount "121"]
[GameId "2129405194608060"]
[EventDate "1993.??.??"]
[EventType "tourn"]
[EventRounds "11"]
[EventCountry "USA"]
[EventCategory "4"]
[SourceTitle "EXP 35"]

1. d4 Nf6 2. c4 g6 3. g3 Bg7 4. Bg2 d6 5. Nf3 O-O 6. O-O c6 7. Nc3 Qa5 8. h3 Be6 9. Qd3 Qa6 10. b3 d5 11. Ne5 Nbd7 12. cxd5 Qxd3 13. Nxd3 Nxd5 14. Bb2 Nxc3 15. Bxc3 Rfd8 16. Rac1 a5 17. e4 a4 18. d5 cxd5 19. exd5 Bf5 20. Nb4 axb3 21. axb3 Ra3 22. Bxg7 Kxg7 23. Rc3 Nf6 24. Re1 Kf8 25. g4 Bd7 26. Rf3 Ne8 27. Nc2 Ra6 28. Nd4 Rb6 29. Rfe3 Rb4 30. Re4 Kg8 31. Rd1 Ng7 32. Rxe7 Be6 33. dxe6 Nxe6 34. Rxb7 Rxb7 35. Bxb7 Nxd4 36. Kg2 Rb8 37. Bd5 Rb4 38. Ra1 Ne2 39. Bc4 Nf4+ 40. Kg3 Ne6 41. Ra7 g5 42. Ra5 h6 43. Rb5 Rxb5 44. Bxb5 Kf8 45. Bc4 Nd4 46. f3 f5 47. gxf5 Nxf5+ 48. Kg4 Ne7 49. Kg3 Nf5+ 50. Kf2 Ke7 51. Bd3 Nd4 52. b4 Kd6 53. Ke3 Kd5 54. Bg6 Ke5 55. Be4 Ne6 56. Kf2 Kd4 57. b5 Kc5 58. Bd3 Nf4 59. Bf1 Ne6 60. Kg3 Nd4 61. Kg4 1-0

[Event "New York Enhance"]
[Site "New York USA"]
[Date "1993.??.??"]
[Round "1"]
[White "Friedman, Aviv"]
[Black "Lesiege, Alexandre"]
[Result "0-1"]
[WhiteElo "2300"]
[BlackElo "2485"]
[WhiteFideId "-1"]
[WhiteFideId "-1"]
[PlyCount "77"]
[GameId "2129405194646255"]
[EventDate "1993.??.??"]
[EventType "schev"]
[EventRounds "9"]
[EventCountry "USA"]
[SourceTitle "EXT 93"]

1. e4 c5 2. Nf3 e6 3. d4 cxd4 4. Nxd4 Nf6 5. Nc3 d6 6. f4 Nc6 7. Nf3 Be7 8. Bd3 a6 9. O-O O-O 10. Kh1 b5 11. a3 Nd7 12. Qe1 Bb7 13. b4 Bf6 14. Bb2 Nd4 15. Nxd4 Bxd4 16. Nd1 Bxb2 17. Nxb2 Qf6 18. Rb1 Rfc8 19. c4 Qd4 20. cxb5 axb5 21. Bxb5 Nf6 22. Nc4 Rxc4 23. Bxc4 Qxc4 24. e5 dxe5 25. fxe5 Qd5 26. Qg3 Rxa3 27. Rfd1 Ne4 28. Qf4 g5 29. Rxd5 gxf4 30. Rd7 Bd5 31. Rc1 Rb3 32. h4 Rb2 33. Rc8+ Kg7 34. Rcc7 Ng3+ 35. Kh2 Rxg2+ 36. Kh3 Nf1 37. Rxf7+ Kg8 38. h5 Bf3 39. Kh4 0-1

[Event "New York Enhance"]
[Site "New York USA"]
[Date "1993.??.??"]
[Round "2"]
[White "Lesiege, Alexandre"]
[Black "Kaliksteyn, Alexander"]
[Result "1/2-1/2"]
[WhiteElo "2485"]
[BlackElo "2375"]
[WhiteFideId "-1"]
[WhiteFideId "-1"]
[PlyCount "56"]
[GameId "2129405194646266"]
[EventDate "1993.??.??"]
[EventType "schev"]
[EventRounds "9"]
[EventCountry "USA"]
[SourceTitle "EXT 93"]

1. d4 Nf6 2. c4 e6 3. Nc3 Bb4 4. e3 c5 5. Bd3 Nc6 6. Nf3 d5 7. O-O O-O 8. a3 Bxc3 9. bxc3 Qc7 10. h3 dxc4 11. Bxc4 b6 12. Bd3 e5 13. Qc2 Re8 14. e4 exd4 15. cxd4 cxd4 16. Nxd4 Bb7 17. Bb2 Rac8 18. Nf5 Ne5 19. Qxc7 Rxc7 20. Bb5 Re6 21. f4 Ned7 22. e5 Nd5 23. Nd6 Ba8 24. f5 Re7 25. Nxf7 Rc2 26. e6 Nc3 27. Bxc3 Rxg2+ 28. Kh1 Rg3+ 1/2-1/2

[Event "New York Enhance"]
[Site "New York USA"]
[Date "1993.??.??"]
[Round "3"]
[White "Kreiman, Boris"]
[Black "Lesiege, Alexandre"]
[Result "0-1"]
[WhiteElo "2400"]
[BlackElo "2485"]
[WhiteFideId "-1"]
[WhiteFideId "-1"]
[PlyCount "96"]
[GameId "2129405194646274"]
[EventDate "1993.??.??"]
[EventType "schev"]
[EventRounds "9"]
[EventCountry "USA"]
[SourceTitle "EXT 93"]

1. e4 c5 2. Nf3 d6 3. d4 cxd4 4. Nxd4 Nf6 5. Nc3 e6 6. Bc4 a6 7. Bb3 b5 8. f4 b4 9. Na4 Nxe4 10. O-O Bb7 11. f5 e5 12. Ne6 Qe7 13. Nb6 fxe6 14. fxe6 Nf6 15. Bg5 Ra7 16. Qe2 Qc7 17. Nd7 Be7 18. Be3 Be4 19. Bxa7 Qxa7+ 20. Kh1 d5 21. Nxb8 Qxb8 22. Ba4+ Kf8 23. Qh5 Bg6 24. Qg5 Kg8 25. Bb3 Be4 26. c4 bxc3 27. bxc3 h6 28. Qh4 Qb7 29. Rae1 Kh7 30. Qg3 Qc7 31. c4 dxc4 32. Rc1 Bg6 33. Rxc4 Qd6 34. Rd1 Qb6 35. Qxe5 Rf8 36. h3 Rd8 37. Rcd4 Rxd4 38. Qxd4 Bc5 39. Qd8 Qb4 40. Qd2 Qh4 41. Bc2 Ne4 42. Bxe4 Bxe4 43. Kh2 Qf6 44. Rc1 Bf2 45. Kh1 Qf5 46. Rc3 Ba7 47. e7 Qf1+ 48. Kh2 Bf2 0-1

[Event "New York Enhance"]
[Site "New York USA"]
[Date "1993.??.??"]
[Round "4"]
[White "Lesiege, Alexandre"]
[Black "Vulicevic, Nenad"]
[Result "0-1"]
[WhiteElo "2485"]
[BlackElo "2270"]
[WhiteFideId "-1"]
[WhiteFideId "-1"]
[PlyCount "80"]
[GameId "2129405194646286"]
[EventDate "1993.??.??"]
[EventType "schev"]
[EventRounds "9"]
[EventCountry "USA"]
[SourceTitle "EXT 93"]

1. d4 Nf6 2. c4 e6 3. Nc3 Bb4 4. e3 c5 5. Bd3 Nc6 6. Nf3 Bxc3+ 7. bxc3 d6 8. e4 e5 9. d5 Ne7 10. Nh4 h6 11. f3 Ng6 12. Nf5 O-O 13. g3 Re8 14. Ne3 Bh3 15. Rb1 Rb8 16. g4 Nf4 17. Rg1 Nh7 18. Be2 g6 19. Qa4 a5 20. Rg3 Kg7 21. Nd1 Qh4 22. Nf2 Ng5 23. Rb6 Red8 24. Qc2 Rd7 25. Qb1 Ng2+ 26. Kd1 Nf4 27. Ke1 Ng2+ 28. Kd1 Nf4 29. Be3 Bf1 30. Bxf1 Qxh2 31. Rxd6 Rxd6 32. Bxf4 f6 33. Ke2 exf4 34. Rg2 Qh4 35. Qc1 Nf7 36. Nd3 b5 37. cxb5 Rxb5 38. Nxf4 Rdb6 39. Ne6+ Kg8 40. Kd3 Rb1 0-1

[Event "New York Enhance"]
[Site "New York USA"]
[Date "1993.??.??"]
[Round "6"]
[White "Lesiege, Alexandre"]
[Black "Moulin, Pierre"]
[Result "1-0"]
[WhiteElo "2485"]
[BlackElo "2300"]
[WhiteFideId "-1"]
[WhiteFideId "-1"]
[PlyCount "65"]
[GameId "2129405194646304"]
[EventDate "1993.??.??"]
[EventType "schev"]
[EventRounds "9"]
[EventCountry "USA"]
[SourceTitle "EXT 93"]

1. d4 Nf6 2. c4 e6 3. Nc3 Bb4 4. e3 c5 5. Bd3 Nc6 6. Nf3 Bxc3+ 7. bxc3 d6 8. e4 e5 9. d5 Ne7 10. Nh4 h6 11. f3 g5 12. Nf5 Nxf5 13. exf5 Qa5 14. Qc2 Bd7 15. h4 g4 16. fxg4 Nxg4 17. O-O Nf6 18. Rf3 O-O-O 19. Rg3 Rde8 20. Be3 Qd8 21. Rb1 Kb8 22. Qe2 Reg8 23. Rxg8 Qxg8 24. Bxc5 dxc5 25. Qxe5+ Ka8 26. Qxf6 Qe8 27. Kf2 Rg8 28. Re1 Qb8 29. Qe5 Qd8 30. Qe7 Qc8 31. f6 Bf5 32. Bxf5 Qxf5+ 33. Kg1 1-0

[Event "New York Enhance"]
[Site "New York USA"]
[Date "1993.??.??"]
[Round "9"]
[White "Klovsky, Rafail"]
[Black "Lesiege, Alexandre"]
[Result "0-1"]
[WhiteElo "2365"]
[BlackElo "2485"]
[WhiteFideId "-1"]
[WhiteFideId "-1"]
[PlyCount "22"]
[GameId "2129405194646328"]
[EventDate "1993.??.??"]
[EventType "schev"]
[EventRounds "9"]
[EventCountry "USA"]
[SourceTitle "EXT 93"]

1. d4 d5 2. c4 e6 3. Nc3 c6 4. e4 dxe4 5. Nxe4 Bb4+ 6. Bd2 Qxd4 7. Bxb4 Qxe4+ 8. Be2 c5 9. Bxc5 Qxg2 10. Qd6 Nd7 11. Ba3 Qxh1 0-1

[Event "New York Marshall CC"]
[Site "New York"]
[Date "1993.??.??"]
[Round "11"]
[White "Frias Pablaza, Victor"]
[Black "Lesiege, Alexandre"]
[Result "1/2-1/2"]
[WhiteElo "2460"]
[BlackElo "2505"]
[WhiteFideId "-1"]
[WhiteFideId "-1"]
[PlyCount "21"]
[GameId "1166637814677504"]
[EventDate "1993.??.??"]
[EventType "tourn"]
[EventRounds "11"]
[EventCountry "USA"]
[EventCategory "4"]
[SourceTitle "CBM 035 Extra"]
[Source "ChessBase"]
[SourceDate "1993.09.01"]
[SourceVersion "1"]
[SourceVersionDate "1993.09.01"]
[SourceQuality "1"]

1. d4 d5 2. c4 e6 3. Nc3 c6 4. cxd5 exd5 5. Nf3 Bf5 6. Bg5 Be7 7. Bxe7 Qxe7 8. e3 Nf6 9. Be2 O-O 10. O-O Nbd7 11. Nh4 1/2-1/2

[Event "CAN-ch U20 1992-93"]
[Site "Toronto CAN"]
[Date "1992.??.??"]
[Round "10"]
[White "Livshits, Ron"]
[Black "Lesiege, Alexandre"]
[Result "1-0"]
[WhiteElo "2310"]
[BlackElo "2375"]
[WhiteFideId "-1"]
[WhiteFideId "-1"]
[PlyCount "105"]
[GameId "2160767912325738"]
[EventDate "1992.12.26"]
[EventType "tourn"]
[EventRounds "11"]
[EventCountry "CAN"]
[SourceTitle "EXT 1998"]
[Source "ChessBase"]
[SourceDate "1997.11.17"]
[SourceVersion "1"]
[SourceVersionDate "1997.11.17"]
[SourceQuality "1"]

1. e4 e5 2. Nf3 Nc6 3. Bb5 a6 4. Ba4 Nf6 5. O-O Be7 6. Re1 b5 7. Bb3 d6 8. c3 O-O 9. h3 Na5 10. Bc2 c5 11. d4 Qc7 12. d5 Bd7 13. b3 Nb7 14. Nbd2 g6 15. Nf1 Ne8 16. Bh6 Ng7 17. Ng3 f6 18. Nh2 Nd8 19. f4 Nf7 20. Bxg7 Kxg7 21. f5 gxf5 22. exf5 Kh8 23. Ng4 Be8 24. Qd2 Rg8 25. Ne4 Qd8 26. a4 bxa4 27. bxa4 Ng5 28. Kh2 Nxe4 29. Rxe4 Bf8 30. Rb1 Ra7 31. Nf2 h5 32. Re2 Bd7 33. Ne4 Bxf5 34. Rf1 Bxe4 35. Rxe4 Rh7 36. Qd3 Qe7 37. Re2 Rhg7 38. Rf5 Rg5 39. Rxf6 Qg7 40. Qf3 e4 41. Bxe4 Qe7 42. Bd3 Qd8 43. Rf7 Bg7 44. Qe4 Rg6 45. Qxg6 Be5+ 46. Rxe5 Rxg6 47. Rxh5+ Kg8 48. Bxg6 Qa5 49. Rf3 Qxa4 50. Rg5 Qh4 51. Rg4 Qh6 52. Be8+ Kh8 53. Rf5 1-0

[Event "Match"]
[Site "Montreal CAN"]
[Date "1992.12.??"]
[Round "1"]
[White "Lesiege, Alexandre"]
[Black "Hamilton, Robert"]
[Result "1/2-1/2"]
[WhiteElo "2496"]
[BlackElo "2342"]
[WhiteFideId "-1"]
[WhiteFideId "-1"]
[PlyCount "68"]
[GameId "2160767912325759"]
[EventDate "1992.12.??"]
[EventType "match"]
[EventRounds "5"]
[EventCountry "CAN"]
[SourceTitle "CFC 1993.02"]

1. d4 d5 2. c4 e6 3. Nc3 Be7 4. Nf3 Nf6 5. Bg5 h6 6. Bh4 O-O 7. e3 Ne4 8. Bxe7 Qxe7 9. cxd5 Nxc3 10. bxc3 exd5 11. Qb3 Rd8 12. c4 dxc4 13. Bxc4 Nc6 14. Be2 Na5 15. Qc3 b6 16. Rc1 c5 17. dxc5 Bb7 18. O-O Rac8 19. Qe5 Qxe5 20. Nxe5 Rxc5 21. Rxc5 bxc5 22. Rd1 Rxd1+ 23. Bxd1 Bd5 24. Nd3 Bxa2 25. Nxc5 Nc6 26. e4 Kf8 27. f4 Ke7 28. e5 Bd5 29. Kf2 f6 30. exf6+ gxf6 31. g4 Nb4 32. Ke3 a5 33. h4 Bc6 34. Kd4 Nd5 1/2-1/2

[Event "Match"]
[Site "Montreal CAN"]
[Date "1992.12.??"]
[Round "5"]
[White "Lesiege, Alexandre"]
[Black "Hamilton, Robert"]
[Result "1-0"]
[WhiteElo "2496"]
[BlackElo "2342"]
[WhiteFideId "-1"]
[WhiteFideId "-1"]
[PlyCount "67"]
[GameId "2160767912325760"]
[EventDate "1992.12.??"]
[EventType "match"]
[EventRounds "5"]
[EventCountry "CAN"]
[SourceTitle "CFC 1993.02"]

1. c4 e6 2. g3 c5 3. Bg2 Nc6 4. Nc3 b6 5. Bxc6 dxc6 6. f4 h6 7. Nf3 g5 8. b3 gxf4 9. gxf4 e5 10. Rg1 exf4 11. Qc2 Nf6 12. Bb2 Qe7 13. O-O-O Rg8 14. Ne4 Nxe4 15. Rxg8 Bf5 16. Bg7 O-O-O 17. Rxf8 Rxf8 18. Bxf8 Qxf8 19. Nh4 Bh7 20. Qb2 f6 21. d3 Ng5 22. Rf1 Qd6 23. Qd2 Qe5 24. Kb1 Ne4 25. Qxf4 Nc3+ 26. Kc2 Qxe2+ 27. Kxc3 b5 28. cxb5 Qxd3+ 29. Kb2 Qc2+ 30. Ka3 cxb5 31. Rc1 b4+ 32. Ka4 Qxa2+ 33. Kb5 Kb7 34. Qf3+ 1-0

[Event "Premiere Neige"]
[Site "Montreal CAN"]
[Date "1992.11.28"]
[Round "2"]
[White "Bolduc, Steve"]
[Black "Lesiege, Alexandre"]
[Result "0-1"]
[WhiteElo "2081"]
[BlackElo "2477"]
[WhiteFideId "-1"]
[WhiteFideId "-1"]
[PlyCount "54"]
[GameId "2160767912325769"]
[EventDate "1992.11.28"]
[EventType "swiss"]
[EventRounds "4"]
[EventCountry "CAN"]
[SourceTitle "hb 2011"]

1. d4 d5 2. Nf3 c6 3. Bg5 Qb6 4. Nbd2 Qxb2 5. e3 Nf6 6. Bd3 e6 7. O-O Nbd7 8. Re1 Be7 9. e4 dxe4 10. Rb1 Qa3 11. Nxe4 Nxe4 12. Bxe4 Bxg5 13. Nxg5 Nf6 14. d5 cxd5 15. Bxd5 O-O 16. Bxb7 Bxb7 17. Rxb7 Qxa2 18. Qb1 Qc4 19. Nf3 a5 20. Ne5 Qc8 21. c4 a4 22. Qb5 a3 23. Ra1 Ne4 24. Nc6 Kh8 25. Na7 Qd8 26. Qe5 Nd6 27. Rd1 Nxb7 0-1

[Event "Eurodata"]
[Site "Budapest"]
[Date "1992.??.??"]
[Round "3"]
[White "Ankerst, Mihael"]
[Black "Lesiege, Alexandre"]
[Result "1/2-1/2"]
[WhiteElo "2360"]
[BlackElo "2375"]
[WhiteFideId "-1"]
[WhiteFideId "-1"]
[PlyCount "99"]
[GameId "1166637574168576"]
[EventDate "1992.10.??"]
[EventType "tourn"]
[EventRounds "13"]
[EventCountry "HUN"]
[EventCategory "8"]
[SourceTitle "EXT 1997"]
[Source "ChessBase"]
[SourceDate "1996.11.15"]
[SourceVersion "1"]
[SourceVersionDate "1996.11.15"]
[SourceQuality "1"]

1. e4 c5 2. Nc3 d6 3. Nf3 e6 4. d4 cxd4 5. Nxd4 Nf6 6. Bc4 a6 7. Bb3 b5 8. Bg5 Be7 9. Qf3 Qc7 10. O-O-O O-O 11. e5 dxe5 12. Bxf6 gxf6 13. Nxe6 fxe6 14. Qxa8 b4 15. Rd3 Kh8 16. Qe4 f5 17. Qe2 bxc3 18. Rxc3 Qb7 19. Rg1 Bf6 20. g4 Rg8 21. Rcg3 Bg5+ 22. Kb1 Bf4 23. gxf5 Bxg3 24. hxg3 Nc6 25. fxe6 Qg7 26. Re1 Nd4 27. Qxe5 Qxe5 28. Rxe5 Nxb3 29. axb3 Re8 30. e7 Kg7 31. b4 Kf6 32. Rc5 Bb7 33. b5 axb5 34. Rxb5 Rxe7 35. Rb4 Re1+ 36. Ka2 Bd5+ 37. b3 Re2 38. Rf4+ Ke5 39. Kb2 Be4 40. Kc3 Rxc2+ 41. Kb4 Rc7 42. Ka3 Rc3 43. Kb4 Rf3 44. Rxf3 Bxf3 45. Kc5 Ke4 46. b4 Kd3 47. Kd6 Ke2 48. Ke5 Kxf2 49. Kf4 Be2 50. Kg5 1/2-1/2

[Event "Eurodata"]
[Site "Budapest"]
[Date "1992.??.??"]
[Round "11"]
[White "Lesiege, Alexandre"]
[Black "Kindermann, Stefan"]
[Result "0-1"]
[WhiteElo "2375"]
[BlackElo "2505"]
[WhiteFideId "-1"]
[WhiteFideId "-1"]
[PlyCount "58"]
[GameId "1166637574369280"]
[EventDate "1992.10.??"]
[EventType "tourn"]
[EventRounds "13"]
[EventCountry "HUN"]
[EventCategory "8"]
[SourceTitle "EXT 1997"]
[Source "ChessBase"]
[SourceDate "1996.11.15"]
[SourceVersion "1"]
[SourceVersionDate "1996.11.15"]
[SourceQuality "1"]

1. d4 Nf6 2. c4 g6 3. Nc3 Bg7 4. e4 d6 5. Nf3 O-O 6. Be2 e5 7. O-O Nc6 8. d5 Ne7 9. Ne1 Nd7 10. Nd3 f5 11. Bd2 Kh8 12. Rc1 Ng8 13. f3 f4 14. b4 h5 15. c5 Ndf6 16. Nf2 g5 17. cxd6 cxd6 18. a4 Nh6 19. Nb5 Ne8 20. Rc3 Bd7 21. h3 Rf6 22. Qb3 a6 23. Na3 Rg6 24. Rfc1 Nf6 25. Nc4 g4 26. fxg4 hxg4 27. hxg4 Nhxg4 28. Nxd6 Qb6 29. Rh3+ Kg8 0-1